| 000 | 00853nam a2200241Ia 4500 | ||
|---|---|---|---|
| 003 | OSt | ||
| 005 | 20221005113348.0 | ||
| 006 | a|||||r|||| 00| 0 | ||
| 007 | ta | ||
| 008 | 221004b |||||||| |||| 00| 0 pan d | ||
| 020 |
_a8179820998 (hbk) _cINR 120.00 |
||
| 024 | _a32200 | ||
| 037 |
_b783, 27/02/2017, H.K. Prakashan _cTextual |
||
| 040 |
_aCRL _cCRL _bpan |
||
| 041 |
_2pan _apan |
||
| 082 | _aQ8441:21:g, 153Q4 | ||
| 100 | _aਕੁਲਵੰਤ ਸਿੰਘ, ਂਚ. | ||
| 245 | 0 | _aਗੁਰਬਾਣੀ ਇਸੁ ਜਗ ਮਹਿ ਚਾਨਣੁ | |
| 260 |
_aਬਰਨਾਲਾ _bਅਮਨ ਪ੍ਰਕਾFਨ ਭਾਰਤ _c2014 |
||
| 650 | _aਗੁਰਬਾਣੀ | ||
| 942 |
_hQ8441:21:g, 153Q4 _cTEXL _2cc |
||
| 999 |
_c1027906 _d1027906 |
||